| 000 | nam a22 7a 4500 | ||
|---|---|---|---|
| 999 |
_c126982 _d126982 |
||
| 008 | 170927b xxu||||| |||| 00| 0 eng d | ||
| 020 | _a9780281076116 | ||
| 050 | _aB765.T54 D255 | ||
| 100 |
_aDavies, Brian _936455 |
||
| 245 |
_aThomas Aquinas _ba very brief history _cBrian Davies |
||
| 260 |
_aLondon _bSPCK _c2017 |
||
| 300 |
_axv, 137p. ; _c19cm. |
||
| 440 |
_aSociety for Promoting Christian Knowledge _936456 |
||
| 600 |
_aThomas Aquinas, St. _936457 |
||
| 942 |
_2lcc _cMONOGRAPH |
||